| 000 | 00350nam a2200145Ia 4500 | ||
|---|---|---|---|
| 005 | 20251222152623.0 | ||
| 008 | 251222s9999||||xx |||||||||||||| ||spa|| | ||
| 020 | _a8484503230 | ||
| 082 | _a813.54/P85 | ||
| 100 | _aPreston, Douglas | ||
| 245 | 0 | _aEl Pozo de la Muerte | |
| 250 | _a2da.ed | ||
| 264 | _bPlaza & Janés Editores, S.A. | ||
| 942 | _cLIB | ||
| 999 |
_c27432 _d27432 |
||